स्वतंत्रता संग्राम और गॉंधी का सत्याग्रह (Record no. 386119)

MARC details
000 -LEADER
fixed length control field 00944nam a2200217Ia 4500
003 - CONTROL NUMBER IDENTIFIER
control field OSt
005 - DATE AND TIME OF LATEST TRANSACTION
control field 20251023145309.0
008 - FIXED-LENGTH DATA ELEMENTS--GENERAL INFORMATION
fixed length control field 220922b |||||||| |||| 00| 0 hin d
037 ## - SOURCE OF ACQUISITION
Terms of availability Textual
040 ## - CATALOGING SOURCE
Original cataloging agency ARTS
Transcribing agency ARTS
Language of cataloging hin
041 ## - LANGUAGE CODE
Source of code hin
Language code of text/sound track or separate title hin
084 ## - COLON CLASSIFICATION NUMBER
Classification number V2:51wM69 N4
Item number AL
100 ## - MAIN ENTRY--PERSONAL NAME
Personal name प्रभात कुमार
9 (RLIN) 849342
245 #0 - TITLE STATEMENT
Title स्वतंत्रता संग्राम और गॉंधी का सत्याग्रह
246 ## - VARYING FORM OF TITLE
Title proper/short title Svatantratā sangrām aur gaॉandhī kā satyāgraha
260 ## - PUBLICATION, DISTRIBUTION, ETC.
Place of publication, distribution, etc. दिल्ली विश्वविद्यालय, भारत:
Name of publisher, distributor, etc. हिन्दी माध्यम कार्यान्वय निदेशालय,
Date of publication, distribution, etc. 1994.
300 ## - PHYSICAL DESCRIPTION
Extent 105पृ.
Dimensions cm.
650 ## - SUBJECT ADDED ENTRY--TOPICAL TERM
Topical term or geographic name entry element विश्व-इतिहास
9 (RLIN) 849343
942 ## - ADDED ENTRY ELEMENTS (KOHA)
Classification part V2:51wM69, N4
Koha item type Textual
Source of classification or shelving scheme Colon Classification (CC)
Suppress in OPAC No
Holdings
Withdrawn status Lost status Damaged status Not for loan Home library Current library Date acquired Total Checkouts Full call number Barcode Date last seen Price effective from Koha item type Source of classification or shelving scheme
        Arts Library Arts Library 2022-09-23   V2:51wM69 N4 AL1129412 2022-09-23 2022-09-23 Textual  
  Missing     Arts Library Arts Library 2025-10-23   V2:51wM69 N4 AL1129411 2025-10-23 2025-10-23 Textbook Colon Classification (CC)
Copyright @ Delhi University Library System